| 000 | 00692nam a2200205 a 4500 | ||
|---|---|---|---|
| 003 | AM-YeHGA | ||
| 005 | 20250618071803.0 | ||
| 008 | 031011s1937 ai 000 | arm d | ||
| 040 | _aAM-YeHGA | ||
| 041 | 0 | _aarm | |
| 100 | 1 |
_aԹարգյուլ, Լյուսի, _d1905-1955 _91142 |
|
| 245 | 1 | 0 |
_aՀսկաների շարքում : _bՎեպ / _cԼ. Թարգյուլ. |
| 260 |
_aՅերևան : _bՊետհրատ, _c1937. |
||
| 300 |
_aԳ. ; _c22 սմ. |
||
| 505 | 0 | 0 | _gԳ. 1-3 (1937, 290 էջ) |
| 650 | 1 | 4 |
_aՀայ գրականություն _xՎեպ |
| 856 | 4 |
_uhttp://greenstone.flib.sci.am/gsdl/collect/opac/books/hska.pdf _yԿարդալ առցանց _z |
|
| 942 |
_2udc _cBK |
||
| 090 | _c99364 | ||
| 999 |
_c98055 _d98055 |
||